Statystyki dla 3 największe miasta w każdym województwie

Kliknij tutaj aby rozwiązać quiz!

Ogólne statystyki

  • Ten quiz został rozwiązany 276 razy
    (260 od ostatniego zresetowania)
  • Średni wynik to 36 z 48

Statystyki odpowiedzi

MiejsceWojewództwoNazwa miasta% Poprawnych
1zachodniopomorskieSzczecin
98%
1mazowieckieWarszawa
98%
1pomorskieGdańsk
96%
2pomorskieGdynia
95%
1śląskieKatowice
94%
1łódzkieŁódź
94%
1dolnośląskieWrocław
94%
1małopolskieKraków
93%
1wielkopolskiePoznań
93%
1podlaskieBiałystok
91%
1kujawsko-pomorskieBydgoszcz
91%
2kujawsko-pomorskieToruń
91%
1lubelskieLublin
90%
1świętokrzyskieKielce
89%
1warmińsko-mazurskieOlsztyn
89%
1opolskieOpole
89%
1lubuskieZielona Góra
89%
1podkarpackieRzeszów
88%
2lubuskieGorzów Wielkopolski
84%
2mazowieckieRadom
83%
2śląskieCzęstochowa
82%
2warmińsko-mazurskieElbląg
81%
2podlaskieSuwałki
78%
2zachodniopomorskieKoszalin
77%
3mazowieckiePłock
76%
3warmińsko-mazurskieEłk
73%
2małopolskieTarnów
73%
3dolnośląskieLegnica
71%
3śląskieSosnowiec
70%
2lubelskieZamość
68%
3małopolskieNowy Sącz
67%
2podkarpackiePrzemyśl
67%
3kujawsko-pomorskieWłocławek
67%
2wielkopolskieKalisz
66%
2dolnośląskieWałbrzych
66%
2łódzkiePiotrków Trybunalski
65%
3pomorskieSłupsk
65%
3podlaskieŁomża
64%
3wielkopolskiePiła
62%
2opolskieKędzierzyn-Koźle
59%
3lubelskieChełm
55%
2świętokrzyskieOstrowiec Świętokrzyski
53%
3zachodniopomorskieStargard
52%
3opolskieNysa
46%
3podkarpackieStalowa Wola
46%
3łódzkiePabianice
42%
3lubuskieNowa Sól
37%
3świętokrzyskieJędrzejów
18%

Rozkład punktacji

Percentyl według liczby udzielonych odpowiedzi

Procent ludzi z każdym wynikiem

Twoja historia wyników

Nie rozwiązałeś tego quizu od ostatniego zresetowania